banner-ar

تاريخ الصراع بين عالم المسيحية وعالم الاسلام / (Record no. 65430)

MARC details
000 -الفاتح
حقل البيانات ثابتة الطول 01179nam a22002777a 4500
005 - وقت وتاريخ اخر تعامل مع التسجيلة
رقم الضبط 20240530110824.0
008 - عناصر البيانات ثابتة الطول - معلومات عامة
حقل البيانات ثابتة الطول 190731s2108 ua g b 000 0 ara d
017 ## - رقم الايداع القانونى
رقم الايداع القانونى 2017/26583
المصدر ( الهيئة المختصة) مصر. دار الكتب
020 ## - الرقم الدولى المعيارى للكتب
الرقم الدولى المعيارى للكتاب 9789773223977
040 ## - مصدر الفهرسة
وكالة الفهرسة الأصلية EG-CaGPL
وكالة النسخ EG-CaGPL
082 04 - رقم تصنيف ديوى العشرى
رقم الطبعة 21
رقم التصنيف 214.27/
رقم المادة هـ ت
100 1# - المدخل الرئيسى - إسم شخصى
الإسم الشخصى هويتكروفت، اندرو
245 10 - بيان العنوان
العنوان تاريخ الصراع بين عالم المسيحية وعالم الاسلام /
بيان المسئوليه,etc اندرو هويتكروفت ؛ ترجمة قاسم عبده قاسم
250 ## - بيان الطبعة
بيان الطبعة ط.1
260 ## - PUBLICATION, DISTRIBUTION, ETC. (IMPRINT)
تاريخ النشر أو التوزيع 2018.
300 ## - الوصف المادى
التعداد 535 ص.؛
أبعاد الوعاء 23 سم.
504 ## - تبصرة ببليوجرافية
تبصرة ببليوجرافية,الخ يشتمل على ارجاعات ببليوجرافية
650 07 - المدخل الاضافى بالموضوع-مصطلح موضوعى
مصطلح موضوعي الاسلام والمسيحية
مصدر الرأس أو المصطلح qrmak
650 07 - المدخل الاضافى بالموضوع-مصطلح موضوعى
مصدر الرأس أو المصطلح qrmak
مصطلح موضوعي الاسلام
التقسيم الفرعي العام نظام الحكم فى
650 07 - المدخل الاضافى بالموضوع-مصطلح موضوعى
مصدر الرأس أو المصطلح qrmak
مصطلح موضوعي المسيحية والحرية الدينية
651 ## - المدخل الاضافى بالموضوع - اسم جغرافى
مصدر الرأس أو المصطلح qrmak
653 #0 - مصطلح تكشيفى غير مقيد
مصطلح غير مقيد الاسلام والمسيحية - صراع
700 0# - المدخل الاضافى - اسم شخصى
الإسم الشخصى قاسم عبده قاسم
الدور مترجم
942 ## - عناصر المدخل الإضافي( كوها)
مصدر التصنيف او مخطط الترفيف Dewey Decimal Classification
Koha [default] item type كتاب
260 ## - PUBLICATION, DISTRIBUTION, ETC. (IMPRINT)
-- القاهرة :
-- عين للدراسات و البحوث الانسانية و الاجتماعية،
Holdings
حالة التراجع حالة الفقد حالة تلف ليس للاعارة المكان المؤقت الموقع الحالى موقع الترفيف تاريخ الاكتساب اجمالي اﻻعارات رقم الطلب الباركود تاريخ اخر مشاهدة تاريخ تفعيل السعر نوع وعاء كوها
        مكتبة القاهرة الكبرى مكتبة القاهرة الكبرى القاعة الرئيسية 07/31/2019   214.27/ هـ ت 166297 07/31/2019 07/31/2019 كتاب

Powered By

EGPV